LEADER 00868nam a2200217 i 4500 001 000000050587 003 CaOOAMICUS 005 20091104000000.0 008 091104s1951 it u000 u ita u 013 $a21758 040 $aSeMil$bita 100 1 $aDel Mazza, Valentino.$0(OLS)http://semarc/name/25045 245 13$aLa famiglia nel pensiero di Pio 12. /$cValentino Del Mazza. 260 $aAlba :$bPaoline,$cimprim. 1951. 300 $a229 p. ;$c22 cm. 600 04$aPio XII .$0(OLS)http://semarc/subject/687 650 4$aFamiglia - Magistero pontificio.$0(OLS)http://semarc/subject/1047 850 $aSeMil 852 $aSeMil$W1$xVenegono$y1$m2F I 152$j16742$B16742$CSeMilBibl$Z2$F16742 $81 996 $6245$aLa famiglia nel pensiero di Pio 12.$9(OLS)http://semarc/title/77232 996 $6260$aAlba :$bPaoline$9(OLS)http://semarc/publisher/29692 LEADER 01131nam a2200277 i 4500 001 000000125871 003 CaOOAMICUS 005 20181126125325.0 008 040429s1944 it u000 u ita u 013 $a98572 040 $aSeMil$bita 100 1 $aCostant, Benjamin.$0(OLS)http://semarc/name/52270 245 10$aMemorie sui Cento Giorni /$cdi Benjamin Costant ; A cura di Enrico Emanuelli. 260 $aMilano :$bGentile,$cstampa 1944. 300 $a221 p. ;$c18 cm. 490 0 $aLa ruota [Gentile] ;$v1 600 04$aNapoleone I : Bonaparte .$0(OLS)http://semarc/subject/350 650 4$aEpistolari.$0(OLS)http://semarc/subject/1376 700 1 $aEmanuelli, Enrico.$0(OLS)http://semarc/name/30458 830 3$aLa ruota ;$v1.$0(OLS)http://semarc/title/42981 850 $aSeMil 852 $aSeMil$W1$xVenegono$y1$m567 3 1 *$j80271$B80271$CSeMilBibl$Z2$F82523 $81 961 $aLascito: Zurleni Domenico 996 $6245$aMemorie sui Cento Giorni$9(OLS)http://semarc/title/185408 996 $6260$aMilano :$bGentile$9(OLS)http://semarc/publisher/32501